000 00290nam a22001337a 4500
008 181018b xxu||||| |||| 00| 0 eng d
020 _a9780521415095
041 _aeng
080 _a159.9
100 _a49
101 _aPSI
245 _aThe Perceived Self
_cNeisser, U
942 _2udc
_cBK
999 _c50122
_d50122